000 00419nam a2200157Ia 4500
008 230917s9999||||xx |||||||||||||| ||und||
040 _e11370
_aMAIN
041 _aEnglish
082 _a330.1, C455A
100 _aChopra, P N
245 0 _aAdvanced economic theory: micro and macro analysis
250 _a4th ed.
260 _aLudhiana
_bKalyani Publishers
_c1978
300 _axvii, various pages p.
942 _cOB
999 _c232214
_d232214